书目信息 |
| 题名: |
奥林匹克运动会成绩
|
|
| 作者: | ;人民体育出版社 编 | |
| 分册: | ||
| 出版信息: | 北京 人民体育出版社 1981 |
|
| 页数: | 55页 | |
| 开本: | 21cm | |
| 丛书名: | ||
| 单 册: | ||
| 中图分类: | G811.8 | |
| 科图分类: | ||
| 主题词: | 运动成绩-奥运会--统计资料 | |
| 电子资源: | ||
| ISBN: | ||
| 000 | 00845nam0 2200253 45 | |
| 001 | 0181009170 | |
| 005 | 20061107111445.23 | |
| 010 | @dCNY0.37 | |
| 091 | @aCN@b7015.1937 | |
| 100 | @a19950502d1981 em y0chiy0121 ea | |
| 101 | 0 | @achi |
| 102 | @aCN@b110000 | |
| 105 | @ay i 000yy | |
| 200 | 10 | @a奥林匹克运动会成绩@Aao lin pi ke yun dong hui cheng ji@e夏季第二十二届,冬季第十三届@f人民体育出版社编辑@Fren min ti yu chu ban she bian ji |
| 210 | @a北京@c人民体育出版社@d1981 | |
| 215 | @a55页@d21cm | |
| 517 | 1 | @a夏季第二十二届,冬季第十三届@Axia ji di er shi er jie,dong ji di shi san jie |
| 601 | 02 | @a奥运会@x运动成绩@x统计资料 |
| 606 | @a运动成绩-奥运会@x统计资料 | |
| 690 | @aG811.8@v3 | |
| 711 | 02 | @a人民体育出版社@Aren min ti yu chu ban she@4编 |
| 801 | 2 | @aCN@bNLC@c20061107 |
| 801 | 0 | @aCN@bTSSF |
| 905 | @a10447@dG811.8@e4 | |
| 奥林匹克运动会成绩:夏季第二十二届,冬季第十三届/人民体育出版社编辑.-北京:人民体育出版社,1981 |
| 55页;21cm |
| ISBN :CNY0.37 |
| ● |
| 相关链接 |
|
|
|
|
正题名:奥林匹克运动会成绩
索取号:G811.8/4
 
预约/预借
| 序号 | 登录号 | 条形码 | 馆藏地/架位号 | 状态 | 备注 |
| 1 | 0063479 | 202354415 | 密集书库/ [索取号:G811.8/4] | 在馆 | |
| 2 | 0063480 | 000298635 | 第一样本阅览室/ [索取号:G811.8/4] | 在馆 |